Grant Shapps outlines local approach to delivering zero carbon homes by 2016 (Record no. 82614)
[ view plain ]
| 000 -LEADER | |
|---|---|
| fixed length control field | 01097cad a22002055a 4500 |
| 001 - CONTROL NUMBER | |
| control field | L150706 |
| 008 - FIXED-LENGTH DATA ELEMENTS--GENERAL INFORMATION | |
| fixed length control field | 100820e20100727xxk 000 0 eng d |
| 035 ## - SYSTEM CONTROL NUMBER | |
| System control number | (Sirsi) u150706 |
| 041 0# - LANGUAGE CODE | |
| Language code of text/sound track or separate title | eng |
| 110 2# - MAIN ENTRY--CORPORATE NAME | |
| Corporate name or jurisdiction name as entry element | United Kingdom |
| Subordinate unit | Department for Communities and Local Government |
| 9 (RLIN) | 4939 |
| 245 00 - TITLE STATEMENT | |
| Title | Grant Shapps outlines local approach to delivering zero carbon homes by 2016 |
| Medium | [electronic resource] |
| 260 ## - PUBLICATION, DISTRIBUTION, ETC. | |
| Date of publication, distribution, etc. | 2010 |
| 490 ## - SERIES STATEMENT | |
| Series statement | Department for Communities and Local Government News Release |
| Volume/sequential designation | 27 July 2010 |
| 520 ## - SUMMARY, ETC. | |
| Summary, etc. | Developers and councils could be given more flexibility to meet eco-standards to ensure all homes are zero carbon from 2016. Housing minister Grant Shapps stated he would look at ways builders could make payments to fund community energy projects such as wind farms and district heating systems. |
| 590 ## - LOCAL NOTE (RLIN) | |
| Local note | KA |
| 651 #4 - SUBJECT ADDED ENTRY--GEOGRAPHIC NAME | |
| Geographic name | United Kingdom |
| Chronological subdivision | |
| 690 ## - LOCAL SUBJECT ADDED ENTRY--TOPICAL TERM (OCLC, RLIN) | |
| Topical term or geographic name as entry element | ENVIRONMENTAL AND LAND CONSULTANCY-ENERGY-ENERGY USE-ENERGY EFFICIENCY |
| 856 40 - ELECTRONIC LOCATION AND ACCESS | |
| Uniform Resource Identifier | <a href="https://www.communities.gov.uk/newsstories/newsroom/16527871">https://www.communities.gov.uk/newsstories/newsroom/16527871</a> |
| Public note | View the item free of charge at: www.communities.gov.uk |
| 942 ## - ADDED ENTRY ELEMENTS (KOHA) | |
| Suppress in OPAC | 0 |
| Withdrawn status | Lost status | Source of classification or shelving scheme | Damaged status | Not for loan | Home library | Current library | Shelving location | Date acquired | Total Checkouts | Full call number | Barcode | Date last seen | Copy number | Price effective from | Koha item type |
|---|---|---|---|---|---|---|---|---|---|---|---|---|---|---|---|
| Dewey Decimal Classification | Virtual | Virtual | Online | 20/08/2010 | ONLINE PUBLICATION | 150706-2001 | 06/08/2019 | 1 | 06/08/2019 | Journal article |